Tottenham Hotspur Squad 2021-2022 - Statistics

General Stats
  • This quiz has been taken 611 times
    439 since last reset
  • The average score is 21 of 29
Answer Stats
# Position Nation Player % Correct
7 FW South Korea Heung-min Son
99%
1 GK France Hugo Lloris
99%
10 FW England Harry Kane
98%
6 DF Colombia Davinson Sánchez
91%
4 DF Argentina Cristian Romero
90%
5 MF Denmark Pierre-Emile Højbjerg
90%
33 DF Wales Ben Davies
87%
- Coach Italy Antonio Conte
85%
27 FW Brazil Lucas Moura
85%
21 FW Sweden Dejan Kulusevski
83%
15 DF England Eric Dier
83%
8 MF England Harry Winks
83%
2 DF Ireland Matt Doherty
83%
30 MF Uruguay Rodrigo Bentancur
76%
12 DF Brazil Emerson Royal
75%
3 DF Spain Sergio Reguilón
75%
23 FW Netherlands Steven Bergwijn
73%
18 MF Argentina Giovani Lo Celso
72%
20 MF England Dele Alli
70%
- Coach Portugal Nuno Espírito Santo
70%
28 MF France Tanguy Ndombélé
68%
29 MF England Oliver Skipp
63%
11 FW Spain Bryan Gil
62%
22 GK Italy Pierluigi Gollini
57%
14 DF Wales Joe Rodon
56%
25 DF England Japhet Tanganga
51%
19 MF England Ryan Sessegnon
43%
40 GK England Brandon Austin
37%
47 FW England Jack Clarke
16%
No matching quizzes found
Score Distribution
Percent of People with Each Score
Percentile by Number Answered
Your Score History
You have not taken this quiz since the last reset